| 000 | 00692 a2200229 4500 | ||
|---|---|---|---|
| 005 | 20260318090815.0 | ||
| 008 | 260317b |||||||| |||| 00| 0 eng d | ||
| 020 |
_a9781032263366 _c£ 69.99 |
||
| 040 | _aMAIN | ||
| 082 |
_a363.25 _bS21A |
||
| 100 | _aSaini, Kavita, ed. | ||
| 245 | _aArtificial intelligence in forensic science: An emerging technology in criminal investigation systems | ||
| 260 |
_bCRC Press _c2024 _aBoca Raton |
||
| 300 | _axv, 189 | ||
| 650 | _aForensic Science | ||
| 650 | _aArtifical Intelligence | ||
| 650 | _aDigital Forensies | ||
| 700 | _aSonone, Swaroop S, ed. | ||
| 700 | _aSankhla, Mahipal Singh, ed | ||
| 700 | _aKumar, Naveen, ed. | ||
| 942 | _cBK | ||
| 999 |
_c394388 _d394388 |
||